00314cam a22000977a 4500008004000000082001400040100002200054245008000076260004900156300001100205180718b1979 xxu||||| |||| 00| 0 eng d aA75 M264V aShrivastava, P.N. aMadhya Pradesh district gazetteers: Vidishacby P.N. Shrivastava and others aBhopalbDistrict Gazetteers Departmentc1979 a406+p.